Normal view
MARC view
Entry Personal Name
001 - CONTROL NUMBER
- control field: 82546
003 - CONTROL NUMBER IDENTIFIER
- control field: dpl
005 - DATE AND TIME OF LATEST TRANSACTION
- control field: 20250703153739.0
008 - FIXED-LENGTH DATA ELEMENTS
- fixed length control field: 250703|| aca||aabn | a|a d
040 ## - CATALOGING SOURCE
- Original cataloging agency: dpl
- Transcribing agency: dpl
100 ## - HEADING--PERSONAL NAME
- Personal name: पाण्डेय, राजेश कुमार
670 ## - SOURCE DATA FOUND
- Source citation: Work cat.: (dpl)212061: पाण्डेय, राजेश कुमार, वैश्विक राजनीती / , 2025
